LEADER 01551nam2-2200457---450- 001 990000490990203316 005 20051020164900.0 010 $a0-674-99384-5 035 $a0049099 035 $aUSA010049099 035 $a(ALEPH)000049099USA01 035 $a0049099 100 $a20010604h19421997km-y0itay0103----ba 101 $alat 102 $aUS 105 $a||||||||001yy 200 1 $aDe oratore books 3, De facto, Paradoxa stoicorum, De partitione oratoria$fwith an english translation by H. Rachhan 210 $aCambridge$cHarvard university$d1942$h1997 210 $aLondon$cW. Heinemann$d1942$h1997 215 $aX, 437 p.$d17 cm 225 $aLoeb classical library$v349 410 $12001$aLoeb classical library$v349 461 1$10010004577$12001$aCicero$v4 676 $a875.018 700 1$aCICERO,$bMarcus Tullius$082411 702 1$aRACKHAM,$bH. 801 0$aIT$bsalbc$gISBD 912 $a990000490990203316 951 $aV.3. Coll.9/ 15/4(VIII A 972 CIC /4)$b149229 LM$cVIII A 972 CIC 959 $aBK 969 $aUMA 979 $aPATTY$b90$c20010604$lUSA01$h1058 979 $aPATTY$b90$c20010604$lUSA01$h1102 979 $aPATTY$b90$c20010604$lUSA01$h1156 979 $aPATTY$b90$c20010604$lUSA01$h1306 979 $c20020403$lUSA01$h1657 979 $aANGELA$b90$c20020829$lUSA01$h1339 979 $aPATRY$b90$c20040406$lUSA01$h1634 979 $aCOPAT6$b90$c20051020$lUSA01$h1649 996 $aDe oratore books 3, De facto, Paradoxa stoicorum, De partitione oratoria$9888032 997 $aUNISA LEADER 00986cam0 2200253 450 001 E600200036700 005 20210917072153.0 100 $a20080423d2002 |||||ita|0103 ba 101 $aita 102 $aIT 200 1 $aDe architectura$elibri X$fMarco Vitruvio Pollione$ga cura di Franca Bossalino$gIntroduzione di Franca Bossalino$c; Vilma Dazzi 210 $aRoma$cKappa$d[c2002] 215 $a415 p.$d24 cm. 700 1$aVitruvius$b, Pollio$3A600200029445$4070$08237 702 1$aBossalino, Franca$3A600200048019$4070 801 0$aIT$bUNISOB$c20210917$gRICA 850 $aUNISOB 852 $aUNISOB$jFondo|Marazzi|M$m138408 912 $aE600200036700 940 $aM 102 Monografia moderna SBN 941 $aM 957 $aFondo|Marazzi|M$b000060$gCON$d138408$hMarazziM$racquisto$1catenacci$2UNISOB$3UNISOB$420080423100023.0$520210917072141.0$6Spinosa$fModalità di consultazione sulla home page della Biblioteca link Fondi 996 $aDe architectura$918291 997 $aUNISOB